000 00466nam a2200181Ia 4500
003 OSt
005 20260108100625.0
008 210210b1962 xxu||||| |||| 00| 0 eng d
040 _cAL
041 _aKannada
082 _a859/1225
100 _aBRAHMAPPA (G)
_9146429
_d ಬ್ರಹ್ಮಪ್ಪ (ಜಿ)
245 _aChelini
_bಚೆಲ್ನಿ
260 _aBengaluru
_b-
_c1962
690 _aKannada Fiction
_9146430
906 _a021966
942 _2ddc
_cBK
999 _c146072
_d146072